| 000 | 00487nam a22001937a 4500 | ||
|---|---|---|---|
| 003 | OSt | ||
| 005 | 20260523153511.0 | ||
| 008 | 260523b |||||||| |||| 00| 0 eng d | ||
| 020 | _a978-93-56819-98-6 | ||
| 040 | _cSBCL | ||
| 082 |
_a371.26 _bPUR-C |
||
| 100 | _aPuri, Gautam | ||
| 245 | _aCLAT& ALIET | ||
| 260 |
_aNew Delhi _bCareer Launcher Infrastrure _c2026 |
||
| 300 | _a69p. | ||
| 630 | _xSocial sciences, sociology & anthropology | ||
| 650 | _a Education | ||
| 942 | _cBOOK | ||
| 999 |
_c138212 _d138212 |
||